LEADER 01030nam0-22003371i-450- 001 990000507000403321 005 20080206131116.0 035 $a000050700 035 $aFED01000050700 035 $a(Aleph)000050700FED01 035 $a000050700 100 $a20020821d1986----km-y0itay50------ba 101 0 $aeng 105 $ay-------001yy 200 1 $aMicrowaves made simple$ethe workbook$fSalvatore Algeri, W. Stephen Cheung, Lawrence A. Stark 210 $aNorwood$cArtech House$dc1986 215 $aVII, 109 p.$cill.$d28 cm 225 1 $a<>Artech house microwave library 610 0 $aMicroonde$aProblemi, esercizi 610 0 $aDispositivi a microonde 676 $a621.381'3 700 1$aAlgeri,$bSalvatore$027211 701 1$aCheung,$bW. Stephen$027210 701 1$aStark,$bLawrence A.$027212 801 0$aIT$bUNINA$gRICA$2UNIMARC 901 $aBK 912 $a990000507000403321 952 $a10 E III 247$b475 DE$fDINEL 959 $aDINEL 996 $aMicrowaves made simple$9330649 997 $aUNINA